[Event "SLO-chT2 East"]
[Site "Slovenia"]
[Date "2015.09.19"]
[Round "2"]
[White "Skuhala, Barbara"]
[Black "Drobne, Marjan"]
[Result "0-1"]
[WhiteElo "1875"]
[BlackElo "2045"]
[PlyCount "112"]
[EventDate "2015.09.05"]
[EventType "team-tourn"]
[EventRounds "9"]
[EventCountry "SLO"]
[SourceTitle "EXT 2019"]
[Source "ChessBase"]
[SourceDate "2018.10.10"]
[SourceVersion "1"]
[SourceVersionDate "2018.10.10"]
[SourceQuality "1"]
[WhiteTeam "Radenska Ljutomer"]
[BlackTeam "Brezice"]
[WhiteTeamCountry "SLO"]
[BlackTeamCountry "SLO"]

1. e4 e5 2. Nf3 Nf6 3. Nxe5 d6 4. Nf3 Nxe4 5. Nc3 Nxc3 6. dxc3 Be7 7. Qd3 Nc6 8. Bd2 0-0 9. 0-0-0 Ne5 10. Nxe5 dxe5 11. Qe4 Bd6 12. g4 Qh4 13. f3 Be6 14. Kb1 c6 15. Be1 Qe7 16. Bd3 f5 17. gxf5 Bxf5 18. Qc4+ Kh8 19. Bxf5 Rxf5 20. Qd3 Rff8 21. Bg3 Rad8 22. Qe4 Qf6 23. Bh4 g5 24. Bg3 Bc7 25. Rxd8 Rxd8 26. h4 Rd7 27. a3 gxh4 28. Bxh4 Qf4 29. Qe1 Rf7 30. Bg3 Qf5 31. Rh4 Kg8 32. Bh2 h5 33. Qg1+ Kh7 34. Qc1 Kg6 35. Re4 Qxf3 36. Re1 Rf5 37. Qd2 Qd5 38. Qe2 Rg5 39. c4 Qd4 40. Rf1 Qg4 41. Qd2 Qe6 42. Rf8 Bd6 43. Ra8 a6 44. Qd3+ Kg7 45. Rd8 Be7 46. Rd7 b5 47. cxb5 axb5 48. b3 h4 49. Qd2 Kg6 50. Ra7 e4 51. Bf4 Rg1+ 52. Kb2 Bf6+ 53. c3 h3 54. Qe3 Rg2+ 55. Ka1 Qd5 56. Qe1 Qd3 0-1

[Event "SLO-chT1 Ost"]
[Site "Maribor"]
[Date "2012.10.12"]
[Round "2"]
[White "Vombek, Danijel"]
[Black "Drobne, Marjan"]
[Result "1-0"]
[WhiteElo "2305"]
[BlackElo "2103"]
[PlyCount "85"]
[EventDate "2012.10.11"]
[EventType "team-tourn"]
[EventRounds "9"]
[EventCountry "SLO"]
[SourceTitle "EXT 2022"]
[Source "ChessBase"]
[SourceDate "2021.10.06"]
[SourceVersion "1"]
[SourceVersionDate "2021.10.06"]
[SourceQuality "1"]

1. e4 e5 2. Nf3 Nc6 3. Bb5 Nge7 4. 0-0 Ng6 5. d4 Nxd4 6. Nxd4 exd4 7. Qxd4 c6 8. Bc4 Qb6 9. Be3 Qxd4 10. Bxd4 d6 11. Nd2 Be6 12. Be2 Nf4 13. Bd1 f6 14. g3 Nh3+ 15. Kh1 Ng5 16. f4 Nf7 17. Bf3 Be7 18. c4 0-0 19. b3 Bd7 20. Rfe1 Rfe8 21. Bg2 c5 22. Bb2 Bc6 23. Rad1 Bf8 24. Nb1 Rad8 25. Nc3 a6 26. a4 Rb8 27. Nd5 Bxd5 28. cxd5 b5 29. a5 Be7 30. Bh3 Bd8 31. Bc3 Kf8 32. b4 Re7 33. bxc5 dxc5 34. e5 b4 35. Bb2 c4 36. Bd4 Rc7 37. d6 Rc6 38. Bd7 Rbc8 39. Bxc8 Rxc8 40. d7 Rc6 41. e6 Nd6 42. Bb6 Bxb6 43. e7+ 1-0

[Event "SLO-chT1 Ost"]
[Site "Sentjur"]
[Date "2011.10.15"]
[Round "4"]
[White "Drobne, Marjan"]
[Black "Plesec, Damjan"]
[Result "0-1"]
[WhiteElo "2093"]
[BlackElo "2304"]
[PlyCount "66"]
[EventDate "2011.10.13"]
[EventType "team-tourn"]
[EventRounds "9"]
[EventCountry "SLO"]
[SourceTitle "EXT 2022"]
[Source "ChessBase"]
[SourceDate "2021.10.06"]
[SourceVersion "1"]
[SourceVersionDate "2021.10.06"]
[SourceQuality "1"]
[WhiteTeam "Sentjur"]
[BlackTeam "Lendava Rokada"]
[WhiteTeamCountry "SLO"]
[BlackTeamCountry "SLO"]

1. e4 c5 2. Nf3 e6 3. d4 cxd4 4. Nxd4 Nf6 5. Nc3 Nc6 6. Be3 Bb4 7. Bd3 Bxc3+ 8. bxc3 d5 9. Nxc6 bxc6 10. e5 Nd7 11. Qg4 Kf8 12. Qb4+ Qe7 13. Qxe7+ Kxe7 14. f4 f6 15. exf6+ gxf6 16. c4 a5 17. cxd5 cxd5 18. Bb5 Ba6 19. Bxa6 Rxa6 20. Rb1 Rc8 21. Kd2 Rac6 22. Rhc1 Rc4 23. c3 h5 24. g3 Kd6 25. Rb5 Ra4 26. Rc2 e5 27. Rcb2 Rc6 28. Kd3 Rac4 29. R5b3 a4 30. Ra3 Kc7 31. Rb4 Rxb4 32. cxb4 Ra6 33. fxe5 fxe5 0-1

[Event "SRB Central-ch op-B 4th"]
[Site "Paracin"]
[Date "2011.07.13"]
[Round "7"]
[White "Drobne, Marjan"]
[Black "Blagojevic, Tijana"]
[Result "1-0"]
[WhiteElo "2060"]
[BlackElo "1836"]
[PlyCount "93"]
[EventDate "2011.07.08"]
[EventType "swiss"]
[EventRounds "9"]
[EventCountry "SRB"]
[SourceTitle "CBM 143 Extra"]
[Source "ChessBase"]
[SourceDate "2011.08.29"]
[SourceVersion "1"]
[SourceVersionDate "2011.08.29"]
[SourceQuality "1"]

1. e4 e5 2. Nf3 Nc6 3. d4 exd4 4. Nxd4 Bc5 5. Be3 Qf6 6. c3 Nge7 7. Bc4 Ne5 8. Be2 Qg6 9. 0-0 0-0 10. Nd2 d5 11. Bh5 Qf6 12. f4 Nc4 13. Nxc4 dxc4 14. Qe2 g6 15. Bf3 Qb6 16. Rab1 Nc6 17. Nc2 Rd8 18. Qf2 Bxe3 19. Nxe3 Na5 20. Nd5 Qxf2+ 21. Kxf2 c6 22. Ne7+ Kf8 23. Nxc8 Raxc8 24. Rbd1 Ke7 25. Bg4 Rb8 26. Ke3 Rd3+ 27. Rxd3 cxd3 28. b3 c5 29. Kxd3 c4+ 30. Kc2 h5 31. Bf3 b6 32. Rd1 cxb3+ 33. axb3 Nb7 34. e5 Nc5 35. b4 Ne6 36. g3 a5 37. bxa5 bxa5 38. Bc6 Nf8 39. c4 Rc8 40. Bd5 Rc7 41. Ra1 Ra7 42. Kb3 Nd7 43. Ka4 g5 44. Kb5 gxf4 45. gxf4 a4 46. c5 Rc7 47. c6 1-0

[Event "Tivat Vukmanovic Memorial op"]
[Site "Tivat"]
[Date "2011.04.17"]
[Round "2"]
[White "Mandic, Stefan"]
[Black "Drobne, Marjan"]
[Result "0-1"]
[WhiteElo "1700"]
[BlackElo "2093"]
[PlyCount "82"]
[EventDate "2011.04.16"]
[EventType "swiss"]
[EventRounds "9"]
[EventCountry "MNE"]
[SourceTitle "CBM 141 Extra"]
[Source "ChessBase"]
[SourceDate "2011.05.03"]
[SourceVersion "1"]
[SourceVersionDate "2011.05.03"]
[SourceQuality "1"]

1. e4 e5 2. Nf3 Nf6 3. Nc3 Nc6 4. Bb5 Bb4 5. 0-0 0-0 6. d3 d6 7. Bg5 Bxc3 8. bxc3 Bg4 9. Bxc6 bxc6 10. d4 Re8 11. Re1 h6 12. dxe5 hxg5 13. exf6 Qxf6 14. Qd3 Bxf3 15. Qxf3 Qxf3 16. gxf3 Rab8 17. Rab1 Rb5 18. Rb3 f6 19. Reb1 Reb8 20. a4 Rxb3 21. Rxb3 Rb6 22. Kg2 Kf7 23. Kg3 Ke6 24. c4 c5 25. f4 gxf4+ 26. Kxf4 Rb4 27. Rxb4 cxb4 28. h4 g6 29. Ke3 c5 30. f4 f5 31. Kf3 Kf6 32. Ke3 Kg7 33. exf5 gxf5 34. Kf3 Kf6 35. h5 Kg7 36. Kg3 Kh6 37. a5 Kxh5 38. a6 Kg6 39. Kh4 Kf6 40. Kg3 d5 41. cxd5 c4 0-1

[Event "SLO-chT 20th"]
[Site "Gostovanja"]
[Date "2010.05.16"]
[Round "2"]
[White "Drobne, Marjan"]
[Black "Skoberne, Jure"]
[Result "0-1"]
[WhiteElo "2095"]
[BlackElo "2519"]
[PlyCount "70"]
[EventDate "2010.05.15"]
[EventType "team-tourn"]
[EventRounds "9"]
[EventCountry "SLO"]
[SourceTitle "EXT 2020"]
[Source "ChessBase"]
[SourceDate "2019.10.17"]
[SourceVersion "1"]
[SourceVersionDate "2019.10.17"]
[SourceQuality "1"]
[WhiteTeam "Sentjur Bohorc"]
[BlackTeam "Maribor ZSK"]
[WhiteTeamCountry "SLO"]
[BlackTeamCountry "SVK"]

1. e4 d6 2. d4 Nf6 3. Nc3 g6 4. Be3 c6 5. Qd2 Nbd7 6. f3 b5 7. a3 Bb7 8. Nge2 a6 9. 0-0-0 Qc7 10. Kb1 e5 11. f4 0-0-0 12. Nc1 exd4 13. Bxd4 c5 14. Bxf6 Nxf6 15. e5 dxe5 16. Qxd8+ Qxd8 17. Rxd8+ Kxd8 18. fxe5 Nd7 19. Nd3 c4 20. e6 fxe6 21. Nf4 Nc5 22. h4 Bd6 23. Nh3 h5 24. Ng5 Ke7 25. Rh3 Rf8 26. Nf3 e5 27. Be2 e4 28. Ng5 Bf4 29. g4 hxg4 30. Bxg4 Bd2 31. Ne2 Rf1+ 32. Ka2 a5 33. Rh2 b4 34. axb4 axb4 35. Bh3 b3+ 0-1

[Event "SLO-chT1 East"]
[Site "Celje"]
[Date "2008.12.14"]
[Round "5"]
[White "Brinovec, Dusan"]
[Black "Drobne, Marjan"]
[Result "1-0"]
[WhiteElo "2229"]
[BlackElo "2121"]
[PlyCount "109"]
[EventDate "2008.11.20"]
[EventType "team-tourn"]
[EventRounds "9"]
[EventCountry "SLO"]
[SourceTitle "EXT 2010"]
[Source "ChessBase"]
[SourceDate "2010.11.25"]
[SourceVersion "1"]
[SourceVersionDate "2010.11.25"]
[SourceQuality "1"]

1. d4 Nf6 2. Nf3 e6 3. Bg5 Be7 4. Nbd2 d6 5. e4 c5 6. e5 Nd5 7. Bxe7 Qxe7 8. exd6 Qxd6 9. Ne4 Qe7 10. Nxc5 0-0 11. Nd3 Nc6 12. Be2 Rd8 13. c3 b6 14. 0-0 Bb7 15. Re1 Qf6 16. Qd2 Rac8 17. Qg5 h6 18. Qxf6 Nxf6 19. Nfe5 Ne7 20. Bf3 Bxf3 21. Nxf3 Ned5 22. Rac1 Rc7 23. h3 Rdc8 24. Rc2 Kf8 25. Rec1 Ke7 26. Kf1 Kd6 27. Ke2 Ne4 28. Nd2 Nef6 29. c4 Ne7 30. Ne5 Nf5 31. Nef3 Ke7 32. Nf1 Nd5 33. g4 Nf4+ 34. Kd2 Nd6 35. c5 bxc5 36. dxc5 Nb7 37. b4 Nxh3 38. Ke3 Ng5 39. Nxg5 hxg5 40. Nd2 Nd8 41. Ne4 f6 42. a4 Nc6 43. b5 Ne5 44. f3 Rh8 45. Nf2 f5 46. c6 fxg4 47. fxg4 Rf8 48. Rc5 Rxf2 49. Kxf2 Nd3+ 50. Ke3 Nxc1 51. Rxc1 Kd6 52. Rd1+ Ke7 53. Kd4 Kd8 54. Kc5+ Kc8 55. Rf1 1-0

[Event "SLO-chT1 East"]
[Site "Celje"]
[Date "2006.11.06"]
[Round "4"]
[White "Drobne, Marjan"]
[Black "Jazbec, Mladen"]
[Result "1/2-1/2"]
[WhiteElo "2134"]
[BlackElo "2045"]
[PlyCount "42"]
[EventDate "2006.11.04"]
[EventType "team"]
[EventRounds "9"]
[EventCountry "SLO"]
[SourceTitle "EXT 2008"]
[Source "ChessBase"]
[SourceDate "2007.11.25"]
[SourceVersion "1"]
[SourceVersionDate "2007.11.25"]
[SourceQuality "1"]

1. e4 c5 2. Nf3 d6 3. Bb5+ Nd7 4. 0-0 a6 5. Bxd7+ Bxd7 6. c3 Bc6 7. Re1 c4 8. d4 cxd3 9. Qxd3 Nf6 10. Nbd2 g6 11. Qe2 e5 12. b3 Qc7 13. Ba3 Rd8 14. Rad1 Be7 15. Qd3 Nd7 16. Nc4 Nc5 17. Qc2 b5 18. Ncd2 0-0 19. c4 Rc8 20. Nf1 bxc4 21. Qxc4 Bb5 1/2-1/2

[Event "SLO-chT 15th"]
[Site "Bled"]
[Date "2005.11.28"]
[Round "4"]
[White "Drobne, Marjan"]
[Black "Jeric, Simon"]
[Result "0-1"]
[WhiteElo "2102"]
[BlackElo "2327"]
[PlyCount "152"]
[EventDate "2005.11.26"]
[EventType "team-tourn"]
[EventRounds "9"]
[EventCountry "SLO"]
[SourceTitle "CBM 109 Extra"]
[Source "ChessBase"]
[SourceDate "2006.01.03"]
[SourceVersion "2"]
[SourceVersionDate "2006.01.03"]
[SourceQuality "1"]
[WhiteTeam "Sentjur"]
[BlackTeam "Vrhnika Sinfonika"]
[WhiteTeamCountry "SLO"]
[BlackTeamCountry "SVK"]

1. e4 e5 2. Nf3 Nc6 3. d4 exd4 4. Nxd4 Qf6 5. Be3 Bc5 6. c3 Nge7 7. Nc2 Bxe3 8. Nxe3 0-0 9. Bc4 Ne5 10. Be2 Qg6 11. Nd2 d6 12. 0-0 f5 13. Nd5 Nxd5 14. exd5 f4 15. Kh1 Bf5 16. Nf3 Qh6 17. Nd4 Kh8 18. Re1 Qh4 19. Kg1 Rf6 20. Nf3 Nxf3+ 21. Bxf3 Rh6 22. h3 Rg6 23. Kf1 Rf8 24. Qd4 b6 25. Ke2 Qg5 26. Kd2 h6 27. Re2 Rgf6 28. Rae1 R6f7 29. Kc1 a5 30. b3 Bg6 31. Kb2 Rf5 32. c4 R5f7 33. Re6 Bf5 34. R6e2 Bd7 35. a4 Kg8 36. Re4 g6 37. Kc3 h5 38. Kb2 Qd8 39. Kc3 Qg5 40. R4e2 Qh6 41. Re7 g5 42. Bd1 g4 43. hxg4 hxg4 44. Bc2 Qg7 45. Rxf7 Rxf7 46. Rh1 g3 47. f3 Re7 48. Qxg7+ Kxg7 49. Kd2 Kf6 50. Be4 Kg5 51. Rh8 Rg7 52. Kd3 Rf7 53. Rg8+ Kf6 54. Rh8 Ke7 55. Rh4 Kf8 56. Rh8+ Kg7 57. Rh7+ Kf6 58. Rh6+ Kg5 59. Rh8 Bf5 60. Re8 Kf6 61. Kd4 Bd7 62. Rh8 Kg7 63. Rh7+ Kg8 64. Rh4 Kf8 65. Rh8+ Ke7 66. Rh4 Kf8 67. Rh8+ Kg7 68. Rh7+ Kf6 69. Rh6+ Kg5 70. Rh8 Bf5 71. Rg8+ Kf6 72. Re8 Bh3 73. gxh3 Rg7 74. Rf8+ Ke7 75. Rxf4 g2 76. Rg4 Rxg4 0-1

[Event "Portoroz op"]
[Site "Portoroz"]
[Date "2004.04.25"]
[Round "4"]
[White "Drobne, Marjan"]
[Black "Biti, Ozren"]
[Result "0-1"]
[WhiteElo "2106"]
[BlackElo "2374"]
[PlyCount "84"]
[EventDate "2004.04.??"]
[EventType "swiss"]
[EventRounds "9"]
[EventCountry "SLO"]
[SourceTitle "CBM 100 Extra"]
[Source "ChessBase"]
[SourceDate "2004.07.06"]
[SourceVersion "2"]
[SourceVersionDate "2004.07.06"]
[SourceQuality "1"]

1. e4 d6 2. d4 Nf6 3. Nc3 e5 4. Nf3 Nbd7 5. dxe5 dxe5 6. Bc4 Bb4 7. Bg5 0-0 8. 0-0 c6 9. Qe2 h6 10. Bh4 Qa5 11. Nd1 Qc7 12. a3 Bc5 13. Nc3 Nh5 14. Bg3 Nxg3 15. hxg3 a5 16. Nh4 Nf6 17. Nf5 Re8 18. Qf3 Bxf5 19. Qxf5 Rad8 20. Rad1 Bd4 21. Rd3 Qd7 22. Qf3 Qe7 23. Rfd1 Bxc3 24. Rxd8 Rxd8 25. Rxd8+ Qxd8 26. Qxc3 Qd1+ 27. Bf1 Nxe4 28. Qxe5 Nd2 29. Qe8+ Kh7 30. Qe2 Qc1 31. Qd3+ g6 32. b3 b5 33. f4 Nxf1 34. Qxf1 Qxc2 35. Qf3 Qc5+ 36. Kf1 Qxa3 37. g4 a4 38. f5 Qc1+ 39. Kf2 Qc2+ 40. Ke1 axb3 41. fxg6+ Kxg6 42. Qf4 b2 0-1

[Event "Portoroz op"]
[Site "Portoroz"]
[Date "2004.04.24"]
[Round "2"]
[White "Drobne, Marjan"]
[Black "Perunovic, Miodrag"]
[Result "0-1"]
[WhiteElo "2106"]
[BlackElo "2344"]
[PlyCount "56"]
[EventDate "2004.04.??"]
[EventType "swiss"]
[EventRounds "9"]
[EventCountry "SLO"]
[SourceTitle "CBM 100 Extra"]
[Source "ChessBase"]
[SourceDate "2004.07.06"]
[SourceVersion "2"]
[SourceVersionDate "2004.07.06"]
[SourceQuality "1"]

1. e4 e6 2. d4 d5 3. Nd2 c5 4. exd5 Qxd5 5. dxc5 Bxc5 6. Ngf3 Nf6 7. Bc4 Qd6 8. 0-0 Qc7 9. Qe2 0-0 10. Nb3 Bd6 11. Re1 b6 12. Nbd4 a6 13. Bd3 Bb7 14. h3 Nbd7 15. Bg5 Rfe8 16. Bxf6 Nxf6 17. Ne5 Nd5 18. Rad1 Nf4 19. Qe3 Nxg2 20. Qg5 h6 21. Qg3 Nxe1 22. Rxe1 Rad8 23. c3 Bxe5 24. Rxe5 Rd5 25. f4 Rxe5 26. fxe5 Rd8 27. Kf2 Rd5 28. Be4 Ra5 0-1

[Event "SLO-ch"]
[Site "Bled"]
[Date "2003.08.10"]
[Round "9"]
[White "Drobne, Marjan"]
[Black "Srebrnic, Vojko"]
[Result "0-1"]
[WhiteElo "2011"]
[BlackElo "2257"]
[PlyCount "50"]
[EventDate "2003.08.03"]
[EventType "swiss"]
[EventRounds "9"]
[EventCountry "SLO"]
[SourceTitle "CBM 095 Extra"]
[Source "ChessBase"]
[SourceDate "2003.09.04"]
[SourceVersion "1"]
[SourceVersionDate "2003.09.04"]
[SourceQuality "1"]

1. e4 e5 2. Nf3 Nf6 3. Nc3 Nc6 4. Bb5 Nd4 5. d3 Nxb5 6. Nxb5 c6 7. Nc3 d6 8. h3 Be7 9. Bg5 h6 10. Be3 Be6 11. a3 Nh7 12. d4 Qc7 13. dxe5 dxe5 14. Qe2 Ng5 15. Nd2 Bd7 16. Nb3 Ne6 17. g3 a5 18. a4 Bb4 19. Bd2 Nd4 20. Nxd4 exd4 21. Na2 Bd6 22. Nc1 c5 23. c3 0-0 24. c4 f5 25. Kd1 fxe4 0-1

[Event "SLO-chT2"]
[Site "Slovenia"]
[Date "2003.07.11"]
[Round "5"]
[White "Drobne, Marjan"]
[Black "Jeric, Simon"]
[Result "1-0"]
[WhiteElo "2042"]
[BlackElo "2286"]
[PlyCount "175"]
[EventDate "2003.05.02"]
[EventType "team"]
[EventRounds "9"]
[EventCountry "SLO"]
[SourceTitle "EXT 2005"]
[Source "ChessBase"]
[SourceDate "2004.11.15"]
[SourceVersion "1"]
[SourceVersionDate "2004.11.15"]
[SourceQuality "1"]

1. e4 e6 2. d4 d5 3. Nd2 dxe4 4. Nxe4 b6 5. Nf3 Bb7 6. Bd3 Nd7 7. 0-0 Ngf6 8. Re1 Be7 9. Qe2 Nxe4 10. Bxe4 Bxe4 11. Qxe4 0-0 12. c3 c5 13. Bf4 cxd4 14. Nxd4 Nf6 15. Qf3 Qd5 16. Be5 Qxf3 17. Nxf3 Rfd8 18. Rad1 Kf8 19. Bc7 Rd5 20. Kf1 Rc8 21. Rxd5 Nxd5 22. Bg3 a5 23. Nd4 a4 24. a3 h5 25. f3 Ke8 26. Re4 Nf6 27. Re1 g6 28. Re2 Kd7 29. Rd2 Nd5 30. Bf2 Bf6 31. Nc2 Kc6 32. g3 Kb5 33. Bd4 Kc4 34. Bxf6 Nxf6 35. Ke2 Kb3 36. Nd4+ Kc4 37. Nc2 Rc5 38. Kd1 Nd5 39. f4 h4 40. Kc1 Rc8 41. Rd4+ Kb5 42. Kd2 hxg3 43. hxg3 Rh8 44. c4+ Kc5 45. cxd5 exd5 46. Kc3 Rh3 47. Rd3 b5 48. Nb4 d4+ 49. Kc2 f5 50. b3 Rh2+ 51. Kb1 axb3 52. Rxb3 Rg2 53. Rf3 Re2 54. Kc1 Kc4 55. Kd1 Rg2 56. Nd3 Kd5 57. Nf2 Kc4 58. Ke1 Rg1+ 59. Ke2 Ra1 60. Nd3 Kd5 61. Ne1 Ra2+ 62. Kd1 Kc4 63. Nd3 Ra1+ 64. Kc2 Rg1 65. Ne5+ Kd5 66. Nxg6 Rg2+ 67. Kd1 Ke4 68. Ne5 Rg1+ 69. Ke2 Rg2+ 70. Kf1 Rb2 71. Rd3 Rb1+ 72. Ke2 Rb2+ 73. Kd1 b4 74. axb4 Rb1+ 75. Kc2 Rxb4 76. Rb3 Ra4 77. Rb2 Ra3 78. Rb3 Ra2+ 79. Kd1 Ra1+ 80. Ke2 Ra2+ 81. Kf1 Ra1+ 82. Kg2 Rd1 83. Nf3 Rc1 84. Nd2+ Kd5 85. Kf3 Rd1 86. Rd3 Kc5 87. g4 fxg4+ 88. Kxg4 1-0